|
|
|
|
| LEADER |
00000cam a2200000 7i4500 |
| 001 |
0000051007 |
| 005 |
20220105104157.0 |
| 008 |
150805 |
| 020 |
|
|
|a 9670664224
|
| 020 |
|
|
|a 9789670664224
|
| 090 |
0 |
0 |
|a JP
|b MAL
|
| 100 |
1 |
|
|a Rafidah Joseph Upi
|
| 245 |
1 |
0 |
|a Haiwan kesayangan
|c Rafidah Joseph Upi
|
| 490 |
1 |
|
|a Siri Pintar Membaca
|
| 500 |
|
|
|a Children age 4-6 years old (yellow)
|
| 650 |
|
0 |
|a Malay language
|
| 999 |
|
|
|a 0001357541
|b Book
|c Children Collection
|e Perbadanan Perpustakaan Awam Johor
|
| 999 |
|
|
|a 0001357547
|b Book
|c Children Collection
|e Cawangan Urban Transformation Centre
|
| 999 |
|
|
|a 0001362125
|b Book
|c Children Collection
|e Cawangan Bandar Tenggara
|
| 999 |
|
|
|a 0001362139
|b Book
|c Children Collection
|e Cawangan Bandar Tenggara
|
| 999 |
|
|
|a 0001362177
|b Book
|c Children Collection
|e Cawangan Tmn. Ungku Tun Aminah
|
| 999 |
|
|
|a 0001362178
|b Book
|c Children Collection
|e Cawangan Sri Merlong
|
| 999 |
|
|
|a 0001362179
|b Book
|c Children Collection
|e Cawangan Taman Universiti
|
| 999 |
|
|
|a 0001362180
|b Book
|c Children Collection
|e Cawangan Segamat
|
| 999 |
|
|
|a 0001362181
|b Book
|c Children Collection
|e Cawangan Pontian
|
| 999 |
|
|
|a 0001362182
|b Book
|c Children Collection
|e Cawangan Bandar Tenggara
|
| 999 |
|
|
|a 0001362183
|b Book
|c Children Collection
|e Cawangan Batu Pahat
|
| 999 |
|
|
|a 0001362184
|b Book
|c Children Collection
|e Cawangan Taman Sri Lambak
|
| 999 |
|
|
|a 0001362185
|b Book
|c Children Collection
|e Cawangan Bandar Penawar
|
| 999 |
|
|
|a 0001362186
|b Book
|c Children Collection
|e Cawangan Bukit Gambir
|
| 999 |
|
|
|a 0001362187
|b Book
|c Children Collection
|e Cawangan Mersing
|
| 999 |
|
|
|a 0001362188
|b Book
|c Children Collection
|e Cawangan Kota Tinggi
|
| 999 |
|
|
|a 0001362195
|b Book
|c Children Collection
|e Cawangan Bandar Tenggara
|